000 01040nas a2200349 4500
001 BR2014004801
003 BR-BrBNA
005 20231205124325.0
007 ta
008 230509b bl.|||p| |||| 00| 00por d
040 _aBR-BrBNA
_bpor
_cBiblioteca Nacional de Agricultura
041 _a(En)
072 _aL73
100 1 _aFiorentin, L.
100 1 _aMores, M.A.Z.
100 1 _aTrevisor, I.M.
100 1 _aAntunes, S.C.
100 1 _aCosta, J.L.A.
100 1 _aSoncini, R.A.
100 1 _aViera, N.D.
245 1 _aTest profiles of broiler breeder flocks housed in farms with endemic Mycoplasma synoviae infection
650 _aFRANGO DE CORTE
650 _aMATRIZ
650 _aMYCOPLASMA SINOVIAE
650 _aMICOPLASMA
650 _aBACTÉRIA
650 _aPESQUISA
650 _aTRANSMISSÃO DE DOENÇA
773 0 _tBrazilian Journal of Poultry Science (Brazil)
_xISSN 1516-635X
_g(Jan- Apr 2003), v. 5(1) p. 37-43
_wBR2014004801
909 _a202311
_bLúcia
_c55
_dLúcia Elande
942 _2AGRIS
_n0
_cANA
999 _c238489
_d238489